| 000 | 01115nam a2200313 a 4500 | ||
|---|---|---|---|
| 001 | 7522 | ||
| 003 | BD-RjUL | ||
| 005 | 20211208234430.0 | ||
| 008 | 160831s1987 nyua b 001 0 eng | ||
| 020 | _a0471840963 | ||
| 035 | _a(BD-RjUL)7566 | ||
| 040 |
_aDLC _cDLC _dDLC _dBD-RjUL _beng |
||
| 041 | _aeng | ||
| 082 | 0 | 0 |
_a519.538 _222 _bSEL 1987 |
| 100 | 1 |
_aSearle, S. R. _q(Shayle R.), _d1928- _923473 |
|
| 245 | 1 | 0 |
_aLinear models for unbalanced data / _cShayle R. Searle. |
| 260 |
_aNew York : _bWiley, _cc1987. |
||
| 300 |
_axxiv, 536 p. : _bill. ; _c24 cm. |
||
| 500 | _aIncludes index. | ||
| 504 | _aBibliography: p. 517-521. | ||
| 650 | 0 |
_aAnalysis of variance. _923475 |
|
| 650 | 0 |
_aLinear models (Statistics) _920587 |
|
| 740 | 0 | _aUnbalanced data. | |
| 856 | 4 | 2 |
_3Publisher description _uhttp://www.loc.gov/catdir/description/wiley032/87002113.html |
| 856 | 4 |
_3Table of Contents _uhttp://www.loc.gov/catdir/toc/onix02/87002113.html |
|
| 942 |
_2ddc _cBK |
||
| 999 |
_c7522 _d7522 |
||